[Event "Olomouc IM-B 24th"]
[Site "Olomouc"]
[Date "2023.08.17"]
[Round "7"]
[White "Nemec, Jachym"]
[Black "Paseka, Matyas"]
[Result "1/2-1/2"]
[WhiteElo "2333"]
[BlackElo "2237"]
[PlyCount "146"]
[EventDate "2023.08.12"]
[EventType "tourn"]
[EventRounds "9"]
[EventCountry "CZE"]
[SourceTitle "CBM 215 Extra"]
[Source "ChessBase"]
[SourceDate "2023.09.30"]
[SourceVersion "1"]
[SourceVersionDate "2023.09.30"]
[SourceQuality "1"]

1. d4 Nf6 2. c4 g6 3. g3 Bg7 4. Bg2 0-0 5. Nc3 d6 6. Nf3 c5 7. 0-0 Nc6 8. d5 Na5 9. Nd2 a6 10. Rb1 Rb8 11. b3 b5 12. Qc2 e6 13. Bb2 e5 14. Ba1 Bf5 15. e4 Bd7 16. cxb5 axb5 17. b4 Nb7 18. Qd3 cxb4 19. Rxb4 Nc5 20. Qe2 Qa5 21. Rfb1 Na6 22. R4b3 b4 23. Nc4 Qc7 24. Nd1 Bb5 25. Ndb2 Rfc8 26. Rc1 Nd7 27. Bf1 Nb6 28. Qe1 Nxc4 29. Bxc4 Bh6 30. Rc2 Qa5 31. a3 Bxc4 32. Rxc4 Rxc4 33. Nxc4 Qc5 34. Qe2 bxa3 35. Rxa3 Rb4 36. Rxa6 Rxc4 37. Rc6 Rc1+ 38. Kg2 Qb4 39. Rxc1 Bxc1 40. Qc2 Ba3 41. f3 Qc5 42. Qxc5 Bxc5 43. Bc3 Kf8 44. f4 f6 45. Kf3 Kf7 46. h3 h5 47. h4 Ba3 48. Bd2 Bc5 49. f5 gxf5 50. exf5 Kg7 51. Ba5 Kf7 52. Be1 Kg7 53. Bd2 Kh7 54. g4 hxg4+ 55. Kxg4 Kg7 56. Kf3 Kh7 57. Ke4 Kg7 58. Kd3 Kh7 59. Ke4 Kg7 60. Ba5 Kf7 61. Bd8 Kg7 62. Bc7 Kf7 63. Ba5 Kg7 64. Bd8 Kf7 65. Kf3 Kg7 66. Ba5 Kf7 67. Bd2 Kg7 68. Ke4 Kh7 69. Kd3 Kg7 70. h5 Kh7 71. Bc1 Kg7 72. Ke4 Kh7 73. Bd2 Kg7 1/2-1/2

[Event "Pardubice Czech op-A 34th"]
[Site "Pardubice"]
[Date "2023.07.21"]
[Round "1"]
[White "Ioannidis, Evgenios"]
[Black "Paseka, Matyas"]
[Result "1-0"]
[WhiteElo "2487"]
[BlackElo "2156"]
[PlyCount "88"]
[EventDate "2023.07.21"]
[EventType "swiss"]
[EventRounds "9"]
[EventCountry "CZE"]
[SourceTitle "CBM 215 Extra"]
[Source "ChessBase"]
[SourceDate "2023.09.30"]
[SourceVersion "1"]
[SourceVersionDate "2023.09.30"]
[SourceQuality "1"]

1. c4 Nf6 2. Nc3 g6 3. e4 d6 4. d4 Bg7 5. Be2 0-0 6. Bg5 c5 7. d5 h6 8. Be3 e6 9. Qc1 exd5 10. exd5 Kh7 11. h3 Na6 12. Nf3 Nc7 13. a4 Na6 14. 0-0 Nb4 15. Ne1 Bf5 16. g4 Bd7 17. Nd3 Nxd3 18. Bxd3 h5 19. f3 Rh8 20. Bg5 Qf8 21. Qf4 Ne8 22. gxh5 Bd4+ 23. Kg2 Kg8 24. Qd2 Rxh5 25. Rh1 Qg7 26. h4 Qh8 27. Ne2 Bxb2 28. Rab1 Bf6 29. Ng3 Bxg5 30. hxg5 Bh3+ 31. Kf2 Rh4 32. Qb2 Bc8 33. Rxh4 Qxh4 34. Rh1 Qd4+ 35. Qxd4 cxd4 36. a5 b6 37. Ne2 bxa5 38. Ra1 Rb8 39. Nxd4 Rb2+ 40. Ke3 a6 41. Rxa5 Nc7 42. Be4 Kf8 43. c5 Ke7 44. f4 Rb4 1-0

[Event "CZE-ch Amateur"]
[Site "Hluk"]
[Date "2023.05.07"]
[Round "3"]
[White "Paseka, Matyas"]
[Black "Sudrich, Radek1111"]
[Result "1-0"]
[WhiteElo "2127"]
[BlackElo "1397"]
[PlyCount "51"]
[EventDate "2023.05.06"]
[EventType "swiss"]
[EventRounds "9"]
[EventCountry "CZE"]
[SourceTitle "CBM 214 Extra"]
[Source "ChessBase"]
[SourceDate "2023.07.31"]
[SourceVersion "1"]
[SourceVersionDate "2023.07.31"]
[SourceQuality "1"]

1. e4 e5 2. Nf3 Nc6 3. Bb5 Nf6 4. d3 Bc5 5. Bxc6 dxc6 6. h3 0-0 7. 0-0 Re8 8. Be3 Bb6 9. a4 a5 10. Nbd2 Bxe3 11. fxe3 b5 12. Qe1 Qd6 13. Nb3 b4 14. Nbd2 Ba6 15. Nh4 Bc8 16. Nc4 Qc5 17. Qg3 Nxe4 18. Qf3 Nf6 19. Nf5 e4 20. Nh6+ Kf8 21. Qg3 exd3 22. Rxf6 gxh6 23. cxd3 Be6 24. Ne5 Rad8 25. Raf1 Re7 26. Rxe6 1-0

[Event "CZE-chT1E 2223"]
[Site "Czech Republic"]
[Date "2023.04.01"]
[Round "10.1"]
[White "Kanok, Jaroslav"]
[Black "Paseka, Matyas"]
[Result "0-1"]
[WhiteElo "2143"]
[BlackElo "2190"]
[PlyCount "84"]
[EventDate "2022.10.08"]
[EventType "team-tourn"]
[EventRounds "11"]
[EventCountry "CZE"]
[SourceTitle "EXT 2024"]
[Source "ChessBase"]
[SourceDate "2023.10.10"]
[SourceVersion "1"]
[SourceVersionDate "2023.10.10"]
[SourceQuality "1"]
[WhiteTeam "Ostrava"]
[BlackTeam "Frydek Mistek II"]
[WhiteTeamCountry "CZE"]
[BlackTeamCountry "CZE"]

1. d4 Nf6 2. Nf3 g6 3. g3 Bg7 4. Bg2 0-0 5. 0-0 d6 6. Re1 Nbd7 7. e4 e5 8. c3 c6 9. Nbd2 b5 10. a4 Bb7 11. Qc2 a6 12. dxe5 dxe5 13. b3 Qb6 14. h3 Rfe8 15. Nf1 Rad8 16. Be3 Qc7 17. N3d2 Nf8 18. b4 Ne6 19. Nb3 Nd7 20. Qe2 Nb6 21. a5 Nc4 22. Bc5 Nxc5 23. Nxc5 Bf8 24. Nxb7 Qxb7 25. Rab1 c5 26. Red1 Qc7 27. Nd2 Nxd2 28. Rxd2 Rxd2 29. Qxd2 Rd8 30. Qe1 cxb4 31. cxb4 Qc2 32. Bf1 Rd4 33. Rc1 Qa4 34. Qc3 Qxb4 35. Qc7 Qd6 36. Qb6 Qe6 37. Qb8 Kg7 38. Rc8 Bd6 39. Rg8+ Kh6 40. Qb7 Bc5 41. Rc8 Rd7 42. Rc7 Qf6 0-1

[Event "CZE-ch U16"]
[Site "Teplice"]
[Date "2023.03.16"]
[Round "7"]
[White "Seidl, Jan1111"]
[Black "Paseka, Matyas"]
[Result "0-1"]
[WhiteElo "2025"]
[BlackElo "2082"]
[PlyCount "94"]
[EventDate "2023.03.11"]
[EventType "swiss"]
[EventRounds "9"]
[EventCountry "CZE"]
[SourceTitle "CBM 213 Extra"]
[Source "ChessBase"]
[SourceDate "2023.05.31"]
[SourceVersion "1"]
[SourceVersionDate "2023.05.31"]
[SourceQuality "1"]

1. d4 Nf6 2. c4 g6 3. Nf3 Bg7 4. g3 0-0 5. Bg2 d6 6. 0-0 a6 7. Nc3 Nc6 8. h3 Bd7 9. e4 e5 10. Be3 exd4 11. Nxd4 Re8 12. Re1 Qc8 13. Kh2 Re5 14. g4 Bxg4 15. hxg4 Nxg4+ 16. Kg1 Nxe3 17. Rxe3 Rc5 18. Nxc6 bxc6 19. Qd3 Rb8 20. b3 Rh5 21. Rf1 c5 22. Ne2 Qg4 23. Rg3 Qh4 24. Rh3 Qg4 25. Qf3 Qxf3 26. Rxf3 Re8 27. Rd3 Rhe5 28. Nf4 f5 29. exf5 Rxf5 30. Nd5 Bd4 31. Rd2 Rf7 32. Ne3 Kg7 33. Nc2 Be5 34. Bd5 Rf4 35. f3 Ref8 36. Rb1 a5 37. Rg2 R8f5 38. Kf2 Rf8 39. Ke2 h6 40. Be4 g5 41. Ne3 Bd4 42. Rh1 Re8 43. Kd2 Bxe3+ 44. Kxe3 Re5 45. Rg4 Rexe4+ 46. fxe4 Rxg4 47. Rb1 Kf6 0-1

[Event "CZE-ch U16"]
[Site "Teplice"]
[Date "2023.03.13"]
[Round "4"]
[White "Paseka, Matyas"]
[Black "Fizer, Marek"]
[Result "1-0"]
[WhiteElo "2082"]
[BlackElo "1929"]
[PlyCount "151"]
[EventDate "2023.03.11"]
[EventType "swiss"]
[EventRounds "9"]
[EventCountry "CZE"]
[SourceTitle "CBM 213 Extra"]
[Source "ChessBase"]
[SourceDate "2023.05.31"]
[SourceVersion "1"]
[SourceVersionDate "2023.05.31"]
[SourceQuality "1"]

1. e4 c5 2. Nf3 d6 3. d4 cxd4 4. Nxd4 Nf6 5. Nc3 a6 6. Be2 e5 7. Nb3 Be7 8. 0-0 0-0 9. Re1 Be6 10. Bf3 Nbd7 11. a4 Nb6 12. a5 Nc4 13. Qd3 Rc8 14. Ra4 Qd7 15. Ra2 Bd8 16. Nd5 Re8 17. Bd2 Bxd5 18. exd5 Qb5 19. Bc3 b6 20. axb6 Bxb6 21. Raa1 Ba7 22. Na5 Nb6 23. Nc6 Qxd3 24. cxd3 Bb8 25. Nxb8 Rxb8 26. Rxa6 Nfxd5 27. Bxd5 Nxd5 28. Rxd6 Nxc3 29. bxc3 f6 30. g3 Rb2 31. Rd7 Ra8 32. Re3 Raa2 33. Rf3 Rc2 34. c4 Rd2 35. Rd5 Rac2 36. g4 Kf7 37. g5 Ke6 38. gxf6 gxf6 39. Ra5 e4 40. dxe4 Rxc4 41. Ra6+ Ke5 42. Raxf6 Rc7 43. Rf8 Re7 44. Ra3 Rg7+ 45. Kf1 Rb2 46. Re8+ Kf4 47. Rg3 Rxg3 48. hxg3+ Kf3 49. Rf8+ Kxe4 50. Rf7 h5 51. Rf4+ Kd3 52. Kg2 Rb5 53. Kf3 Rg5 54. Rf8 Kd4 55. Re8 Rf5+ 56. Kg2 Kd5 57. Re2 Kd4 58. f3 Kd5 59. Re4 Kd6 60. Re3 Kd5 61. Kh3 Kd4 62. Ra3 Rc5 63. Kh4 Rb5 64. f4 Ke4 65. Ra8 Kf3 66. Rg8 Rb1 67. Kxh5 Rh1+ 68. Kg5 Kxg3 69. Ra8 Kf3 70. Ra4 Rg1+ 71. Kf5 Ke3 72. Ke5 Rb1 73. Ra3+ Ke2 74. f5 Rb5+ 75. Kf6 Rb1 76. Kg7 1-0

[Event "CZE-chT1E 2223"]
[Site "Czech Republic"]
[Date "2022.11.27"]
[Round "4.5"]
[White "Mrazek, Roman1111"]
[Black "Paseka, Matyas"]
[Result "1-0"]
[WhiteElo "2012"]
[BlackElo "2190"]
[PlyCount "107"]
[EventDate "2022.10.08"]
[EventType "team-tourn"]
[EventRounds "11"]
[EventCountry "CZE"]
[SourceTitle "CBM 213 Extra"]
[Source "ChessBase"]
[SourceDate "2023.05.31"]
[SourceVersion "1"]
[SourceVersionDate "2023.05.31"]
[SourceQuality "1"]
[WhiteTeam "Poruba Slavoj II"]
[BlackTeam "Frydek Mistek II"]
[WhiteTeamCountry "CZE"]
[BlackTeamCountry "CZE"]

1. e4 c5 2. Nf3 d6 3. Bb5+ Nd7 4. c4 Ngf6 5. Nc3 a6 6. Ba4 g6 7. 0-0 Bg7 8. d3 0-0 9. Rb1 Ne5 10. h3 Nfd7 11. Be3 Nxf3+ 12. Qxf3 Qa5 13. Bxd7 Bxd7 14. b4 Qd8 15. Rfc1 cxb4 16. Nd5 e6 17. Bb6 Qh4 18. Nxb4 a5 19. Nc2 Bc6 20. Nd4 Bxd4 21. Bxd4 f5 22. Qe2 Rae8 23. f3 g5 24. Bf2 Qh5 25. Qd2 g4 26. fxg4 fxg4 27. Qe2 Re7 28. Bg3 Qc5+ 29. Bf2 Qg5 30. Be3 Qe5 31. hxg4 d5 32. Bc5 Rff7 33. d4 Qg7 34. cxd5 exd5 35. e5 Re6 36. Rf1 Qg6 37. Rxf7 Qxb1+ 38. Rf1 Bb5 39. Rxb1 Bxe2 40. Rxb7 a4 41. g5 Bc4 42. a3 Bb3 43. Kf2 Bc2 44. Ke3 Be4 45. Ra7 Bc2 46. Kf4 Kh8 47. Bd6 Rg6 48. Be7 Re6 49. Bf6+ Kg8 50. Ra5 Bb3 51. Kf5 Re8 52. e6 Rc8 53. Ke5 Re8 54. Ra7 1-0

[Event "CZE-chT1E 2223"]
[Site "Czech Republic"]
[Date "2022.10.08"]
[Round "1.2"]
[White "Paseka, Matyas"]
[Black "Chytilek, Roman"]
[Result "0-1"]
[WhiteElo "2190"]
[BlackElo "2303"]
[PlyCount "108"]
[EventDate "2022.10.08"]
[EventType "team-tourn"]
[EventRounds "11"]
[EventCountry "CZE"]
[SourceTitle "CBM 210 Extra"]
[Source "ChessBase"]
[SourceDate "2022.11.30"]
[SourceVersion "1"]
[SourceVersionDate "2022.11.30"]
[SourceQuality "1"]
[WhiteTeam "Frydek Mistek II"]
[BlackTeam "Brno Duras"]
[WhiteTeamCountry "CZE"]
[BlackTeamCountry "CZE"]

1. e4 c6 2. Nc3 g6 3. d4 Bg7 4. Be3 d5 5. h3 dxe4 6. Nxe4 Nd7 7. Bc4 Ngf6 8. Ng5 Nd5 9. N1f3 e6 10. Bd2 0-0 11. Qe2 h6 12. Ne4 c5 13. h4 cxd4 14. h5 g5 15. Nfxg5 hxg5 16. Bxg5 f6 17. Bd2 f5 18. h6 Bf6 19. Ng5 Bxg5 20. Qxe6+ Kh8 21. Bxg5 Qxg5 22. Qxd5 Qe7+ 23. Kf1 Qc5 24. Qxc5 Nxc5 25. Re1 Ne4 26. Rd1 Rd8 27. c3 b5 28. Be2 Be6 29. cxd4 Bxa2 30. Rh3 Bc4 31. f3 Nf6 32. Rh4 Rac8 33. Rd2 Re8 34. Bxc4 Rxc4 35. Kf2 Kh7 36. Rh1 Re7 37. Kg3 Kg6 38. d5 Rd7 39. d6 Rc6 40. Rhd1 Kxh6 41. Kf4 Rc5 42. g4 fxg4 43. fxg4 Kg6 44. Rd4 a5 45. Re1 Rg5 46. Kg3 Rd5 47. Rxd5 Nxd5 48. Re6+ Kf7 49. Rh6 a4 50. Kf3 b4 51. Ke4 Nf6+ 52. Kd4 Rxd6+ 53. Kc4 Re6 54. Kxb4 Nd5+ 0-1

[Event "POL-chT 2nd League"]
[Site "Jastrzebia Gora"]
[Date "2022.09.07"]
[Round "5.20"]
[White "Golenia, Jan"]
[Black "Paseka, Matyas"]
[Result "1/2-1/2"]
[WhiteElo "2113"]
[BlackElo "2244"]
[PlyCount "51"]
[EventDate "2022.09.03"]
[EventType "team-swiss"]
[EventRounds "9"]
[EventCountry "POL"]
[SourceTitle "CBM 210 Extra"]
[Source "ChessBase"]
[SourceDate "2022.11.30"]
[SourceVersion "1"]
[SourceVersionDate "2022.11.30"]
[SourceQuality "1"]
[WhiteTeam "Wieliczka MKS MOS"]
[BlackTeam "Czestochowa Hetman"]
[WhiteTeamCountry "POL"]
[BlackTeamCountry "POL"]

1. d4 Nf6 2. c4 g6 3. Nc3 Bg7 4. e4 d6 5. f3 0-0 6. Be3 Nc6 7. Nge2 a6 8. Qd2 Rb8 9. Nc1 e5 10. d5 Nd4 11. Nb3 Nxb3 12. axb3 c5 13. dxc6 bxc6 14. Ra3 Qc7 15. Be2 Rd8 16. 0-0 Bb7 17. Rc1 Qe7 18. Bg5 Qe6 19. b4 h6 20. Bxh6 d5 21. Bxg7 Kxg7 22. cxd5 cxd5 23. Nxd5 Nxd5 24. exd5 Qb6+ 25. Qe3 Bxd5 26. Bxa6 1/2-1/2

[Event "Olomouc IM2 23rd"]
[Site "Olomouc"]
[Date "2022.08.18"]
[Round "7"]
[White "Wiley, Tom E"]
[Black "Paseka, Matyas"]
[Result "1-0"]
[WhiteElo "2169"]
[BlackElo "2218"]
[PlyCount "139"]
[EventDate "2022.08.13"]
[EventType "tourn"]
[EventRounds "9"]
[EventCountry "CZE"]
[SourceTitle "CBM 209 Extra"]
[Source "ChessBase"]
[SourceDate "2022.09.30"]
[SourceVersion "1"]
[SourceVersionDate "2022.09.30"]
[SourceQuality "1"]

1. d4 Nf6 2. c4 g6 3. Nc3 Bg7 4. e4 d6 5. Nf3 0-0 6. Be2 e5 7. d5 a5 8. Bg5 h6 9. Bh4 Na6 10. Nd2 Qe8 11. a3 Bd7 12. b3 Nh7 13. 0-0 h5 14. f3 Bh6 15. Rb1 Be3+ 16. Bf2 Bxf2+ 17. Rxf2 f5 18. exf5 gxf5 19. b4 axb4 20. axb4 b6 21. Qb3 Qg6 22. Qb2 Ng5 23. Kh1 e4 24. fxe4 fxe4 25. Rxf8+ Rxf8 26. Rf1 Rxf1+ 27. Nxf1 Qf6 28. b5 Nc5 29. Nd1 Qf7 30. Qd2 Nh7 31. Qe1 Nf6 32. Kg1 Kf8 33. Qh4 Qg6 34. Ng3 Bg4 35. Bxg4 hxg4 36. Ne3 Ncd7 37. Qh8+ Ng8 38. Qh4 Ngf6 39. Qh8+ Ng8 40. Qh4 Ngf6 41. Ne2 Qh5 42. Qxh5 Nxh5 43. Nxg4 Ke7 44. Kf2 Nhf6 45. Ne3 Ne5 46. h3 Nd3+ 47. Kg3 Nd7 48. Kg4 Kf6 49. h4 N7e5+ 50. Kh5 Nb2 51. g4 Nbxc4 52. g5+ Kg7 53. Nxc4 Nxc4 54. Kg4 Ne3+ 55. Kf4 Nxd5+ 56. Kxe4 Ne7 57. h5 c6 58. bxc6 Nxc6 59. Kd5 Ne5 60. Nd4 b5 61. Nf5+ Kh7 62. Nxd6 Nd3 63. Ke4 Nc5+ 64. Kf5 Nd7 65. Nxb5 Nf8 66. Nd6 Kg7 67. Ne8+ Kf7 68. Nf6 Kg7 69. Ng4 Nh7 70. g6 1-0

[Event "Olomouc IM2 23rd"]
[Site "Olomouc"]
[Date "2022.08.15"]
[Round "4"]
[White "Paseka, Matyas"]
[Black "Saypuri, Srithan"]
[Result "1/2-1/2"]
[WhiteElo "2218"]
[BlackElo "2045"]
[PlyCount "69"]
[EventDate "2022.08.13"]
[EventType "tourn"]
[EventRounds "9"]
[EventCountry "CZE"]
[SourceTitle "CBM 209 Extra"]
[Source "ChessBase"]
[SourceDate "2022.09.30"]
[SourceVersion "1"]
[SourceVersionDate "2022.09.30"]
[SourceQuality "1"]

1. e4 e5 2. Nf3 Nf6 3. Nxe5 d6 4. Nf3 Nxe4 5. Nc3 Nxc3 6. dxc3 Be7 7. Be3 Nc6 8. Qd2 Be6 9. 0-0-0 Qd7 10. Kb1 a6 11. Nd4 Nxd4 12. Bxd4 Rg8 13. Bd3 g6 14. Rhe1 0-0-0 15. f3 Rge8 16. c4 Bf5 17. Re2 Bxd3 18. Qxd3 Bh4 19. g3 Rxe2 20. Qxe2 Re8 21. Qf2 Bd8 22. Re1 Qc6 23. Rxe8 Qxe8 24. Qe3 Qxe3 25. Bxe3 Be7 26. c3 Kd7 27. Kc2 Ke6 28. Kd3 h5 29. h3 Kf5 30. g4+ hxg4 31. hxg4+ Ke5 32. f4+ Ke6 33. Ke4 f5+ 34. gxf5+ gxf5+ 35. Kd3 1/2-1/2

[Event "Olomouc IM2 23rd"]
[Site "Olomouc"]
[Date "2022.08.14"]
[Round "2"]
[White "Nemec, Jachym"]
[Black "Paseka, Matyas"]
[Result "1-0"]
[WhiteElo "2341"]
[BlackElo "2218"]
[PlyCount "63"]
[EventDate "2022.08.13"]
[EventType "tourn"]
[EventRounds "9"]
[EventCountry "CZE"]
[SourceTitle "CBM 209 Extra"]
[Source "ChessBase"]
[SourceDate "2022.09.30"]
[SourceVersion "1"]
[SourceVersionDate "2022.09.30"]
[SourceQuality "1"]

1. d4 Nf6 2. c4 g6 3. g3 Bg7 4. Bg2 0-0 5. Nc3 d6 6. Nf3 Nc6 7. 0-0 a6 8. b3 Rb8 9. d5 Na5 10. Bg5 b5 11. cxb5 axb5 12. b4 Nc4 13. Qb3 Bb7 14. e4 c6 15. Rad1 h6 16. dxc6 Bxc6 17. Nd4 Bd7 18. Bc1 Qb6 19. a4 Bg4 20. axb5 Bxd1 21. Qxc4 Nxe4 22. Nxe4 Bxd4 23. Rxd1 Rfc8 24. Qa2 Qxb5 25. Bxh6 Qxb4 26. Ng5 e6 27. Nxe6 fxe6 28. Qxe6+ Kh8 29. Qh3 Bxf2+ 30. Kh1 Qc5 31. Bg5+ Kg7 32. Qd7+ 1-0

[Event "Olomouc IM2 23rd"]
[Site "Olomouc"]
[Date "2022.08.13"]
[Round "1"]
[White "Paseka, Matyas"]
[Black "Mica, Marek"]
[Result "1/2-1/2"]
[WhiteElo "2218"]
[BlackElo "2297"]
[PlyCount "81"]
[EventDate "2022.08.13"]
[EventType "tourn"]
[EventRounds "9"]
[EventCountry "CZE"]
[SourceTitle "CBM 209 Extra"]
[Source "ChessBase"]
[SourceDate "2022.09.30"]
[SourceVersion "1"]
[SourceVersionDate "2022.09.30"]
[SourceQuality "1"]

1. e4 e6 2. d4 d5 3. Nd2 c5 4. exd5 Qxd5 5. Ngf3 cxd4 6. Bc4 Qd7 7. 0-0 Nc6 8. Nb3 Nf6 9. Nbxd4 Nxd4 10. Qxd4 Qxd4 11. Nxd4 a6 12. a4 Bd7 13. Bf4 Rc8 14. Bb3 Bc5 15. Rad1 0-0 16. Rfe1 Rfd8 17. c3 h6 18. h3 Kh7 19. Be5 Be7 20. f4 Bc5 21. Kh2 Ng8 22. f5 exf5 23. Bxf7 Bxa4 24. b3 Bxd4 25. Bxd4 Be8 26. Be6 Bd7 27. Bb6 Bxe6 28. Rxd8 Rxd8 29. Bxd8 Bxb3 30. Kg3 Kg6 31. Rb1 Bd5 32. Rd1 Bc6 33. Rd6+ Nf6 34. Bxf6 gxf6 35. Rd2 Kg5 36. h4+ Kh5 37. Kf4 Kg6 38. h5+ Kxh5 39. Kxf5 Kh4 40. Kf4 Kh5 41. Kf5 1/2-1/2

[Event "Pardubice Czech op-A 33rd"]
[Site "Pardubice"]
[Date "2022.07.25"]
[Round "4"]
[White "Nemec, Jachym"]
[Black "Paseka, Matyas"]
[Result "1-0"]
[WhiteElo "2357"]
[BlackElo "2218"]
[PlyCount "133"]
[EventDate "2022.07.22"]
[EventType "swiss"]
[EventRounds "9"]
[EventCountry "CZE"]
[SourceTitle "CBM 209 Extra"]
[Source "ChessBase"]
[SourceDate "2022.09.30"]
[SourceVersion "1"]
[SourceVersionDate "2022.09.30"]
[SourceQuality "1"]

1. b3 Nf6 2. Bb2 g6 3. Nf3 Bg7 4. g3 d6 5. d4 0-0 6. Bg2 c5 7. c4 Nc6 8. d5 Na5 9. 0-0 a6 10. Nbd2 b5 11. e4 Rb8 12. e5 Nd7 13. Qe1 bxc4 14. exd6 exd6 15. Bxg7 Kxg7 16. bxc4 Re8 17. Qc1 Nf6 18. Qc3 Nb7 19. Rab1 Bf5 20. Rb3 Qa5 21. Qb2 Qc7 22. Nh4 Na5 23. Nxf5+ gxf5 24. Rxb8 Qxb8 25. Qc2 Re2 26. Qxf5 h6 27. Ne4 Rxe4 28. Bxe4 Nxc4 29. Bg2 Qb2 30. Qb1 Qa3 31. Qb3 Qxb3 32. axb3 Nd2 33. Ra1 Nxb3 34. Rxa6 Ne8 35. f4 Kf6 36. Kf2 Ke7 37. Ra7+ Kf6 38. Ke3 Nd4 39. Rb7 h5 40. Be4 Kg7 41. h3 Kf8 42. Rd7 Nb5 43. Rb7 Nc3 44. Bf3 Nf6 45. Kd3 Ncxd5 46. Bxd5 Nxd5 47. Rd7 Ne7 48. Rxd6 Nf5 49. Rd8+ Kg7 50. g4 hxg4 51. hxg4 Nh6 52. Rd5 f6 53. g5 fxg5 54. Rxg5+ Kf6 55. Rxc5 Nf7 56. Ke4 Nd6+ 57. Kf3 Nf7 58. Ra5 Kg6 59. Rc5 Kf6 60. Rb5 Kg6 61. Ra5 Kf6 62. Rc5 Ke6 63. Kg4 Kf6 64. Rc6+ Kg7 65. Kf5 Nh6+ 66. Rxh6 Kxh6 67. Kf6 1-0

[Event "Pardubice Czech op-A 33rd"]
[Site "Pardubice"]
[Date "2022.07.24"]
[Round "3"]
[White "Paseka, Matyas"]
[Black "Doshi, Moksh Amitbhai"]
[Result "0-1"]
[WhiteElo "2218"]
[BlackElo "2409"]
[PlyCount "76"]
[EventDate "2022.07.22"]
[EventType "swiss"]
[EventRounds "9"]
[EventCountry "CZE"]
[SourceTitle "CBM 209 Extra"]
[Source "ChessBase"]
[SourceDate "2022.09.30"]
[SourceVersion "1"]
[SourceVersionDate "2022.09.30"]
[SourceQuality "1"]

1. e4 c5 2. Nf3 d6 3. d4 cxd4 4. Nxd4 Nf6 5. Nc3 a6 6. Be3 e5 7. Nb3 Be6 8. f3 Be7 9. Qd2 0-0 10. 0-0-0 Nbd7 11. g4 b5 12. g5 Nh5 13. Nd5 Bxd5 14. exd5 f6 15. gxf6 Bxf6 16. Na5 Nf4 17. Nc6 Qe8 18. Bd3 Nxd3+ 19. Qxd3 Qh5 20. Rhg1 Qxf3 21. Rdf1 e4 22. Rxf3 exd3 23. c3 Rae8 24. Rfg3 Rf7 25. Kd2 Bh4 26. Rh3 Bf2 27. Rg2 Nf6 28. Kxd3 Nxd5 29. Bd2 Be1 30. Re2 Rxe2 31. Kxe2 Bxd2 32. Kxd2 Rf2+ 33. Kc1 Nf4 34. Re3 Rxh2 35. Nb4 h5 36. Nxa6 h4 37. c4 bxc4 38. a4 Nd3+ 0-1

[Event "CZE-ch"]
[Site "Usti nad Labem"]
[Date "2022.05.19"]
[Round "6"]
[White "Jun, Rudolf Jr"]
[Black "Paseka, Matyas"]
[Result "1/2-1/2"]
[WhiteElo "2183"]
[BlackElo "2076"]
[PlyCount "61"]
[EventDate "2022.05.14"]
[EventType "swiss"]
[EventRounds "9"]
[EventCountry "CZE"]
[SourceTitle "CBM 208 Extra"]
[Source "ChessBase"]
[SourceDate "2022.07.31"]
[SourceVersion "1"]
[SourceVersionDate "2022.07.31"]
[SourceQuality "1"]

1. e4 c5 2. Nf3 d6 3. Bb5+ Nd7 4. 0-0 a6 5. Bd3 Ngf6 6. c3 b5 7. Re1 Bb7 8. Bc2 c4 9. b4 g6 10. a4 Bg7 11. d4 e5 12. axb5 axb5 13. Rxa8 Qxa8 14. Na3 Nxe4 15. Bxe4 Bxe4 16. Nxb5 Bxf3 17. Nxd6+ Ke7 18. gxf3 Kxd6 19. dxe5+ Kc7 20. Qd6+ Kc8 21. e6 fxe6 22. Qxe6 Qxf3 23. Qxc4+ Kd8 24. Bg5+ Bf6 25. Bf4 Qg4+ 26. Kh1 Qf3+ 27. Kg1 Qg4+ 28. Kh1 Qf3+ 29. Kg1 Qg4+ 30. Kh1 Qf3+ 31. Kg1 1/2-1/2

[Event "CZE-ch"]
[Site "Usti nad Labem"]
[Date "2022.05.18"]
[Round "5"]
[White "Nytra, Ondrej"]
[Black "Paseka, Matyas"]
[Result "1/2-1/2"]
[WhiteElo "2219"]
[BlackElo "2076"]
[PlyCount "112"]
[EventDate "2022.05.14"]
[EventType "swiss"]
[EventRounds "9"]
[EventCountry "CZE"]
[SourceTitle "CBM 208 Extra"]
[Source "ChessBase"]
[SourceDate "2022.07.31"]
[SourceVersion "1"]
[SourceVersionDate "2022.07.31"]
[SourceQuality "1"]

1. e4 c5 2. Nf3 d6 3. d4 cxd4 4. Nxd4 Nf6 5. Nc3 a6 6. Be2 e5 7. Nf3 Be7 8. Bg5 Nbd7 9. 0-0 Qc7 10. a4 b6 11. Nd2 Bb7 12. f3 0-0 13. Nc4 b5 14. axb5 axb5 15. Rxa8 Rxa8 16. Ne3 b4 17. Nb5 Qb6 18. Kh1 Ba6 19. Nf5 Bf8 20. Be3 Qc6 21. c4 bxc3 22. Nxc3 Rb8 23. Bxa6 Qxa6 24. Rf2 Rb4 25. Rd2 Qb7 26. Nxd6 Bxd6 27. Rxd6 Rxb2 28. g4 h6 29. h4 Qc7 30. Na4 Rb1 31. Qxb1 Qxd6 32. Qb3 Qa6 33. Kg2 Qe2+ 34. Bf2 Nf8 35. Qb2 Qd1 36. Nc3 Qd3 37. h5 Kh7 38. Qb8 N6d7 39. Qc8 Ne6 40. Nd5 Nf6 41. Ne3 Qb1 42. Bg3 Qd3 43. Bf2 Qd2 44. Qc2 Nf4+ 45. Kf1 Qa5 46. Bg3 Qa1+ 47. Kf2 Ne6 48. Nc4 Qd4+ 49. Kg2 Nd7 50. Bf2 Nf4+ 51. Kh2 Qa1 52. Bg3 Qf1 53. Bxf4 exf4 54. e5+ Kg8 55. Qe4 Qf2+ 56. Kh1 Qf1+ 1/2-1/2